BIBLIOTECA

SENCICO

La interacción del color (Registro nro. 2451)

Detalles MARC
000 -LEADER
fixed length control field 00787nam a2200229Ia 4500
003 - CONTROL NUMBER IDENTIFIER
control field PE SENCICO
005 - DATE AND TIME OF LATEST TRANSACTION
control field 20251020182543.0
008 - FIXED-LENGTH DATA ELEMENTS--GENERAL INFORMATION
fixed length control field 200515s1993 ES 000 0 und d
040 ## - CATALOGING SOURCE
Original cataloging agency PE SENCICO
Transcribing agency PE SENCICO
082 ## - DEWEY DECIMAL CLASSIFICATION NUMBER
Classification number 744.10/A34
100 ## - MAIN ENTRY--PERSONAL NAME
Personal name ALBERS, Josef
245 #0 - TITLE STATEMENT
Title La interacción del color
Statement of responsibility, etc. Josef Albers
260 ## - PUBLICATION, DISTRIBUTION, ETC.
Place of publication, distribution, etc. Madrid
260 ## - PUBLICATION, DISTRIBUTION, ETC.
Date of publication, distribution, etc. 1994
300 ## - PHYSICAL DESCRIPTION
Extent 115 p.
500 ## - GENERAL NOTE
General note 1 ejemplar
520 ## - SUMMARY, ETC.
Summary, etc. Contiene lo esencial de su investigación teórico-práctica en el campo de las relaciones cromáticas. Comprende el abstractismo geométrico de las últimas décadas, y en particular del arte óptico, este texto constituye al mismo tiempo una valiosa introducció
650 ## - SUBJECT ADDED ENTRY--TOPICAL TERM
Topical term or geographic name entry element COLOR
650 ## - SUBJECT ADDED ENTRY--TOPICAL TERM
Topical term or geographic name entry element LIB
650 ## - SUBJECT ADDED ENTRY--TOPICAL TERM
Topical term or geographic name entry element SISTEMA DE COLORES
942 ## - ADDED ENTRY ELEMENTS (KOHA)
Koha item type Libros
Source of classification or shelving scheme Dewey Decimal Classification
Existencias
Fecha de la última vez que lo usaron Pago total Signatura topográfica completa Código de barras Precio efectivo desde Tipo de documento Estado perdido Estado dañado No es para préstamo Retirado Ubicación permanente Ubicación actual Fecha de adquisición
15/05/2020   744.10/A34 Bib-Lima15052451 15/05/2020 Libros         Biblioteca Central Lima Biblioteca Central Lima 15/05/2020